[Event "Dresden op"]
[Site "Dresden"]
[Date "1994.??.??"]
[Round "?"]
[White "Martinovsky, Eugene"]
[Black "Chuchelov, Vladimir"]
[Result "1/2-1/2"]
[WhiteElo "2340"]
[BlackElo "2475"]

1.d4 Nf6 2.c4 e6 3.g3 Bb4+ 4.Bd2 Be7 5.Bg2 d5 6.Nf3 O-O 7.Qc2 c6 8.O-O b6
9.b3 Nbd7 10.Rc1 Bb7 11.cxd5 exd5 12.b4 Bd6 13.Qb2 Qe7 14.Re1 Ne4 15.a3 a5
16.bxa5 Nxd2 17.Nfxd2 Rxa5 18.e4 Rfa8 19.Re3 Qd8 20.exd5 cxd5 21.Nc4 dxc4
22.Bxb7 Rb8 23.Bc6 b5 24.Nc3 b4 25.axb4 Rxb4 26.Qc1 Nf8 27.Rxa5 Qxa5 28.Nd5 Rb3
29.Qxc4 Rb1+ 30.Kg2 Qa7 31.Nc3 Rb4 32.Qe2  1/2-1/2

[Event "Dresden (Women)"]
[Site "Dresden"]
[Date "1994.??.??"]
[Round "?"]
[White "Kachiani Gersinska, Ketino"]
[Black "Jahn, Constanze"]
[Result "1-0"]
[WhiteElo "2415"]
[BlackElo "2235"]

1.d4 Nf6 2.c4 e6 3.g3 Bb4+ 4.Bd2 Be7 5.Bg2 d5 6.Nf3 O-O 7.O-O b6 8.cxd5 Nxd5
9.Nc3 Bb7 10.Nxd5 Bxd5 11.Qc2 Nd7 12.e4 Bb7 13.Bf4 Rc8 14.Rfd1 Nf6 15.Ne5 c5
16.d5 exd5 17.exd5 Bd6 18.Nc6 Qc7 19.Bxd6 Qxd6 20.Nxa7 Ra8 21.Nb5 Qd7 22.a4 Rad8
23.Qb3 Rfe8 24.Nc3 Qc7 25.a5 c4 26.axb6 Qc5 27.Qb5 Qxb5 28.Nxb5 Re2 29.Rab1 g6
30.Nc3 Ree8 31.Nb5 Nd7 32.Nd6  1-0

[Event "FRA-chT "]
[Site "FRA"]
[Date "1994.??.??"]
[Round "8"]
[White "Letreguilly, Olivier"]
[Black "Petit, Rene"]
[Result "1-0"]
[WhiteElo "2315"]
[BlackElo "1940"]

1.d4 Nf6 2.c4 e6 3.g3 Bb4+ 4.Bd2 Qe7 5.Bg2 O-O 6.Nf3 d5 7.O-O b6 8.Bg5 Bd6
9.Nc3 Bb7 10.cxd5 exd5 11.Nh4 c6 12.Nf5 Qd8 13.e4 h6 14.Bh4 dxe4 15.Nxe4 Be7
16.Nxe7+ Qxe7 17.Nxf6+ gxf6 18.Qg4+  1-0

[Event "BL2-S9394"]
[Site "Germany"]
[Date "1994.??.??"]
[Round "?"]
[White "Kindl, Peter"]
[Black "Bach, Edwin"]
[Result "1/2-1/2"]
[WhiteElo "2340"]
[BlackElo "2245"]

1.d4 Nf6 2.c4 e6 3.g3 Bb4+ 4.Nd2 c5 5.dxc5 Bxc5 6.Bg2 O-O 7.Ngf3 Be7 8.O-O d6
9.b3 Qc7 10.Bb2 b6 11.Ng5 Bb7 12.Qc2 Nbd7 13.Bxb7 Qxb7 14.Rad1 Rfd8 15.Nde4 Nxe4
16.Nxe4 Qc6 17.Rd2 Nc5 18.Qc3 Bf8 19.Nf6+ Kh8 20.f3 Nd7 21.Ne4 Nc5 22.Ng5 Kg8
23.Qc2 g6 24.b4 Nd7 25.Qc3 e5 26.Ne4 Be7 27.Rfd1 Nf6 28.Nxf6+ Bxf6 29.Rc1 Rac8
30.Qe3 Qe8 31.b5 Qe6 32.Qe4 Rd7 33.Rd5 Qf5 34.Ba3 Qxe4 35.fxe4 Bg5 36.Rc2 Be3+
37.Kg2 Bc5 38.Bc1 Kg7 39.Rd3 h5 40.Bb2 Re8 41.Rf3 f6 42.Bc1 Rf7 43.Bd2 Kf8
44.Rc1 Ke7 45.Rcf1 Ke6 46.Bg5 Ref8 47.Bh6 Rh8 48.Bg5 Rhf8 49.Bh6  1/2-1/2

[Event "Verbandsliga S9495 Baden"]
[Site "Germany"]
[Date "1994.??.??"]
[Round "?"]
[White "Kachiani Gersinska, Ketino"]
[Black "Milosevic, Goran"]
[Result "1/2-1/2"]
[WhiteElo "2380"]
[BlackElo "2390"]

1.d4 Nf6 2.c4 e6 3.g3 Bb4+ 4.Bd2 c5 5.Nf3 O-O 6.Bg2 Bxd2+ 7.Qxd2 Ne4 8.Qc2 Qa5+
9.Nbd2 Nxd2 10.Qxd2 Qxd2+ 11.Kxd2 d6 12.Rhd1 Nc6 13.Kc3 Re8 14.Rd2 Rb8 15.dxc5 dxc5
16.Ng5 Na5 17.Rad1 h6 18.Ne4 b6 19.Nd6 Re7 20.a3 Ba6 21.g4 g5 22.e3 Kg7 23.h3 Rc7
24.a4 Rh8 25.b3 Re7 26.f4 h5 27.fxg5 hxg4 28.hxg4 Rh4 29.Bf3 Rh3 30.Rf2 Bb7
31.Nxb7 Nxb7 32.Rd3 Kg6 33.Bg2 Rg3 34.Be4+ Kxg5 35.Rh2 Rxg4 36.Bxb7 Rxb7
37.Rd8 Kf6 38.Ra8 Rg3 39.Re2 a5 40.Rh8 Rd7 41.Kc2 Ke5 42.Rh4 f5 43.e4 f4
44.Rh5+ Kf6 45.Rh6+ Rg6 46.Rh4 e5 47.Rh5 Ke6 48.Rd2 Rd4 49.Re2 f3 50.Rf2 Rg3
51.Rf5 Rxe4 52.R5xf3 Rxf3 53.Rxf3 Rf4 54.Rh3 e4 55.Rh8 Ke5 56.Re8+ Kd4 57.Re6 Ke3
58.Rxb6 Kf2 59.Rh6 e3 60.Rh2+ Kg3 61.Rh5 Kf2 62.Rh2+ Kf3 63.Rh3+ Ke2 64.Rh5 Rf2
65.Kc3 Kd1 66.Rh1+ Ke2 67.Rh5 Kd1 68.Rh1+ Ke2  1/2-1/2

[Event "Hamburg-ch"]
[Site "Hamburg"]
[Date "1994.??.??"]
[Round "1"]
[White "Nogly, Christoph"]
[Black "Stanke, Juergen"]
[Result "1-0"]
[WhiteElo "2230"]
[BlackElo "2265"]

1.d4 Nf6 2.c4 e6 3.g3 Bb4+ 4.Bd2 Qe7 5.Nf3 Nc6 6.Bg2 Bxd2+ 7.Nbxd2 d6 8.O-O a5
9.e4 e5 10.d5 Nb8 11.Ne1 h5 12.h3 O-O 13.Nd3 Na6 14.f4 Nc5 15.Nxc5 dxc5 16.Qf3 h4
17.g4 Nd7 18.f5 Ra6 19.Qe3 g6 20.Nf3 Kg7 21.g5 f6 22.Nxh4 fxg5 23.Nxg6 Rxg6
24.fxg6 Rf4 25.Rxf4 gxf4 26.Qf2 Qg5 27.Kh2 Nf6 28.Bf3 b6 29.b3 Qh6 30.Qg2 Qh4
31.a3 Ne8 32.Ra2 Nd6 33.a4 Bd7 34.Re2 Be8 35.Bg4 Qf6 36.Bh5 Qh4 37.Qf3 Kh6
38.Rg2 Kg7 39.Bg4 Qf6 40.Bh5 Qh4 41.Bg4 Qf6 42.Kg1 c6 43.Bf5 Nxf5 44.exf5 Qxf5
45.dxc6 e4 46.Qg4 Qxg4 47.Rxg4 Bxc6 48.Rxf4 Kxg6 49.Kf2  1-0

[Event "Hania op"]
[Site "Hania"]
[Date "1994.??.??"]
[Round "9"]
[White "Nikolaidis, Ioannis"]
[Black "Papaioannou, Ioannis"]
[Result "1/2-1/2"]
[WhiteElo "2460"]
[BlackElo "2400"]

1.d4 Nf6 2.c4 e6 3.g3 Bb4+ 4.Bd2 Be7 5.Bg2 d5 6.Nf3 O-O 7.Qc2 Nbd7 8.O-O c6
9.Na3 Ne4 10.Bf4 g5 11.Bc1 f5 12.Nb1 Bf6 13.Rd1 Qe7 14.Nc3 Qg7 15.e3 b6 16.a4 Ba6
17.b3 Rac8 18.a5 b5 19.c5 Nexc5 20.Ba3 Rfe8 21.Bxc5 Nxc5 22.b4 Nd7 23.Rac1 Qg6
24.Ne2 Kh8 25.Rb1 Rg8 26.Nc1 Rc7 27.Rd2 Bc8 28.Nd3 Qg7 29.Qc3 h5 30.Rc1 a6
31.Rdc2 Bb7  1/2-1/2

[Event "EU-ch U16 Girls"]
[Site "Herculane"]
[Date "1994.??.??"]
[Round "5"]
[White "Kiseleva, Natalia"]
[Black "Mereacre, Natasa"]
[Result "1/2-1/2"]
[WhiteElo "2190"]
[BlackElo "2115"]

1.d4 Nf6 2.c4 e6 3.g3 Bb4+ 4.Bd2 Qe7 5.Nc3 Bxc3 6.Bxc3 Ne4 7.Qc2 Nxc3 8.Qxc3 d6
9.Nf3 Nd7 10.Bg2 O-O 11.O-O Re8 12.b4 e5 13.d5 f5 14.e4 Nf6 15.Nd2 Rf8 16.exf5 Bxf5
17.Rae1 Qd7 18.f4 exf4 19.Rxf4 Rae8 20.Ref1 Ng4 21.Be4 Bxe4 22.Nxe4 Rxf4
23.Rxf4 Ne5 24.Ng5 Rf8 25.Ne6 Rxf4 26.gxf4 Ng6 27.c5 Nf8 28.f5 Qf7 29.Qg3 Qf6
30.cxd6 cxd6 31.Qf2 Qe5 32.Qd4 Qxd4+ 33.Nxd4 Nd7 34.Nb5 Nb6 35.Nxd6 Nxd5
36.Nxb7 Nxb4 37.a4  1/2-1/2

[Event "Hradec Kralove op"]
[Site "Hradec Kralove"]
[Date "1994.??.??"]
[Round "1"]
[White "Drabek, Miloslav"]
[Black "Svestka, J."]
[Result "1-0"]
[WhiteElo "2100"]
[BlackElo "1790"]

1.d4 Nf6 2.c4 e6 3.g3 Bb4+ 4.Bd2 Qe7 5.Bg2 O-O 6.Nf3 d5 7.O-O dxc4 8.Ne5 Na6
9.Qc2 c5 10.Qxc4 cxd4 11.a3 Bxd2 12.Nxd2 Nc7 13.Rac1 Ncd5 14.Nb3 Rb8 15.Qxd4 Nb6
16.Rfd1 Bd7 17.Nxd7 Nfxd7 18.Rc7 Qf6 19.Rxb7 Qxd4 20.Rxd4 Rxb7 21.Bxb7 Rb8
22.Na5 g6 23.b4 Ne5 24.f4 Nec4 25.Nxc4 Nxc4 26.Rxc4 Rxb7 27.Kf2 Kf8 28.e3 h5
29.Ke2 Ke7 30.a4 Kd6 31.Kd3 Rb6 32.e4 f6 33.Kc3 e5 34.b5 exf4 35.gxf4 Ke6
36.Rc7 a6 37.Kb4 axb5 38.axb5 g5 39.fxg5 fxg5 40.Rh7  1-0

[Event "HUN-chT 9394"]
[Site "?"]
[Date "1994.??.??"]
[Round "?"]
[White "Almasi, Istvan"]
[Black "Horvath, Jozsef"]
[Result "1-0"]
[WhiteElo "2370"]
[BlackElo "2515"]

1.d4 Nf6 2.c4 e6 3.g3 Bb4+ 4.Bd2 Qe7 5.Bg2 Nc6 6.Nf3 Bxd2+ 7.Nbxd2 d6 8.O-O a5
9.e4 e5 10.d5 Nb8 11.c5 dxc5 12.Nc4 O-O 13.Qc2 Nbd7 14.a4 b6 15.Rfd1 Ne8
16.Bh3 f6 17.Be6+ Kh8 18.Nh4 g6 19.f4 exf4 20.gxf4 Nd6 21.Ne3 c4 22.Qg2 Nc5
23.Qh3 Qg7 24.Rd2 Nd3 25.Rf1 Nxe4 26.Rg2 Bxe6 27.dxe6 Kg8 28.Nef5 gxf5 29.Nxf5 Qg6
30.Ne7+ Kg7 31.Nxg6 hxg6 32.Qg4 g5 33.e7 Rf7 34.Qe6 Nd6 35.fxg5 f5 36.Rf3 Rh8
37.g6 Rf6 38.Qd7 Re8 39.Rh3 Ne5 40.Qxc7 f4 41.Rh7+ Kg8 42.g7 Nef7 43.Qd7 Kxh7
44.Qxe8  1-0

[Event "HUN-chT2 9394"]
[Site "?"]
[Date "1994.??.??"]
[Round "?"]
[White "Balazs, Imre"]
[Black "Kovacs, G."]
[Result "0-1"]
[WhiteElo "2200"]
[BlackElo "2190"]

1.d4 Nf6 2.c4 e6 3.g3 Bb4+ 4.Bd2 a5 5.Bg2 d6 6.Nf3 Nbd7 7.O-O e5 8.e3 Bxd2
9.Nbxd2 O-O 10.Qc2 Re8 11.Rfe1 h6 12.Rad1 c6 13.dxe5 dxe5 14.Nh4 Qb6 15.Nf5 Nc5
16.Nd6 Rd8 17.Nf3 Bg4 18.Rd2 Qc7 19.Nf5 Nfe4 20.Rxd8+ Rxd8 21.N3d4 Bxf5 22.Nxf5 Rd2
23.Qb1 Nxf2 24.Bf1 Qd7 25.Be2 Nce4 26.Nh4 Nh3+ 27.Kg2 Nhg5  0-1

[Event "HUN-chT2 9394"]
[Site "?"]
[Date "1994.??.??"]
[Round "?"]
[White "Korpics, Zsolt"]
[Black "Gosztola, Istvan"]
[Result "1/2-1/2"]
[WhiteElo "2295"]
[BlackElo "2270"]

1.d4 Nf6 2.c4 e6 3.g3 Bb4+ 4.Bd2 Qe7 5.Bg2 O-O 6.Nf3 Ne4 7.O-O Nxd2 8.Nbxd2 c6
9.c5 Bxd2 10.Nxd2 d5 11.cxd6 Qxd6 12.Nc4 Qb4 13.Qc2 b5 14.Ne5 Qxd4 15.Nxc6 Nxc6
16.Bxc6 Rb8 17.Rac1 b4  1/2-1/2

[Event "JUG-chT"]
[Site "Igalo"]
[Date "1994.??.??"]
[Round "?"]
[White "Horvath, Jozsef M"]
[Black "Rajkovic, Dusan"]
[Result "1/2-1/2"]
[WhiteElo "2520"]
[BlackElo "2505"]

1.d4 Nf6 2.c4 e6 3.g3 Bb4+ 4.Bd2 Be7 5.Bg2 d5 6.Nf3 O-O 7.O-O c6 8.Qc2 Nbd7
9.Bf4 Nh5 10.Bc1 Nhf6 11.b3 b6 12.Rd1 Bb7 13.Nc3 Rc8 14.e4 dxe4 15.Nxe4 Nxe4
16.Qxe4 Qc7 17.Bf4 Bd6 18.Bxd6 Qxd6 19.c5 Qe7 20.b4 Ba6 21.Qc2 Nf6 22.Ne5 Nd5
23.Re1 Rfd8 24.Rab1 f6 25.Nf3 Qf7 26.Nd2 Nc7 27.Nf3 bxc5 28.bxc5 Qd7 29.Rb3 Rb8
30.h4 Rxb3 31.Qxb3 Qd5 32.Qa3 Qd7 33.Qb3 Qd5 34.Qa3 Qd7  1/2-1/2

[Event "Liechtenstein op"]
[Site "Liechtenstein"]
[Date "1994.??.??"]
[Round "3"]
[White "Kohlweyer, Bernd"]
[Black "Gaertner, Guntram"]
[Result "1/2-1/2"]
[WhiteElo "2450"]
[BlackElo "2310"]

1.d4 Nf6 2.c4 e6 3.g3 Bb4+ 4.Bd2 a5 5.Bg2 O-O 6.Nf3 d6 7.O-O Bxd2 8.Qxd2 Nbd7
9.Nc3 Re8 10.e4 e5 11.Rfe1 c6 12.b3 Qe7 13.Rad1 Nf8 14.h3 Ng6 15.Qc1 Bd7
16.Na4 b5 17.Nb6 Rab8 18.c5 dxc5 19.dxc5 Be6 20.Qc3 b4 21.Qe3 Rbd8 22.Rc1 h5
23.Bf1 h4 24.Nc4 Bxc4 25.Bxc4 Nh7 26.Rcd1 Rxd1 27.Rxd1 Rd8 28.Rxd8+ Qxd8
29.Kh2 hxg3+ 30.fxg3 Qd1 31.Qf2 Qd7 32.Kg2  1/2-1/2

[Event "Linares op"]
[Site "Linares"]
[Date "1994.??.??"]
[Round "7"]
[White "Nedobora, Mikhail"]
[Black "Pogorelov, Ruslan"]
[Result "0-1"]
[WhiteElo "2460"]
[BlackElo "2415"]

1.d4 Nf6 2.c4 e6 3.g3 Bb4+ 4.Nd2 O-O 5.Bg2 d5 6.Nf3 b6 7.cxd5 exd5 8.O-O Bb7
9.a3 Bd6 10.Ne5 Nbd7 11.Ndc4 Be7 12.Nxd7 Qxd7 13.Ne5 Qe6 14.Bf4 c5 15.Rc1 Rac8
16.h4 Bd6 17.Nd3 c4 18.Bxd6 cxd3 19.Be5 Rxc1 20.Qxc1 dxe2 21.Re1 Ba6 22.Qc7 Ne4
23.Qxa7 Bd3 24.Qb7 Qf5 25.f3 Nd2 26.Qxd5 Bc4 27.Qc6 Qd3 28.Kh2 Nf1+ 29.Kh3 Be6+
30.g4 Bxg4+ 31.Kxg4 h5+ 32.Kf4 Qd2+ 33.Kf5 Qxe1 34.Bxg7 Qg3  0-1

[Event "Lloyds Bank op"]
[Site "London"]
[Date "1994.??.??"]
[Round "2"]
[White "Murugan, Krishnamoorthy"]
[Black "Burke, John S"]
[Result "1-0"]
[WhiteElo "2440"]
[BlackElo "2010"]

1.d4 Nf6 2.c4 e6 3.g3 Bb4+ 4.Bd2 Bxd2+ 5.Qxd2 d6 6.Nc3 Nbd7 7.Bg2 O-O 8.Nf3 e5
9.O-O Qe7 10.Rac1 a5 11.e4 Re8 12.Rfe1 Nb8 13.h3 b6 14.b3 h6 15.Qb2 Nfd7
16.Nd5 Qd8 17.Rcd1 f6 18.Ne3 Qe7 19.Nh4 Nc6 20.Nhf5 Qf7 21.d5 Ne7 22.a3 Kh7
23.b4 g6 24.Nh4 axb4 25.axb4 Bb7 26.Bf3 h5 27.Ra1 Qf8 28.Be2 Rxa1 29.Rxa1 Ra8
30.Rf1 Qb8 31.Bd1 Qa7 32.Bb3 Qb8 33.f4 Qh8 34.Nf3 Qg7 35.fxe5 Nxe5 36.Nxe5 fxe5
37.c5 Rf8 38.Rxf8 Qxf8 39.Qf2 Qxf2+ 40.Kxf2 bxc5 41.bxc5 Bc8 42.h4 Ba6 43.Bc4 Bxc4
44.Nxc4 Nc8 45.Ke3 Kg7 46.Na3 Na7 47.Kd3 Kf7 48.Kc4 Ke7 49.Kb4 Kd7 50.Nc4 Nc8
51.Kb5 Ne7 52.Ka6 Ng8 53.Kb7 Nf6 54.Nxd6 Kd8 55.c6 Ng4 56.Kb8 Nf2 57.Nb7+  1-0

[Event "CRO-chT"]
[Site "Makarska"]
[Date "1994.??.??"]
[Round "1"]
[White "Hulak, Krunoslav"]
[Black "Grosar, Aljosa"]
[Result "1-0"]
[WhiteElo "2530"]
[BlackElo "2435"]

1.d4 Nf6 2.c4 e6 3.g3 Bb4+ 4.Bd2 c5 5.Bxb4 cxb4 6.Bg2 O-O 7.Nf3 d6 8.O-O Re8
9.Qd3 Qc7 10.h3 e5 11.e4 Nbd7 12.Nbd2 b6 13.Rfe1 a5 14.Re3 Ba6 15.b3 Rad8
16.Rae1 h6 17.Nh4 exd4 18.Qxd4 Qc5 19.Qb2 b5 20.Bf1 Ne5 21.Rc1 bxc4 22.Nxc4 Rc8
23.Ree1 Bxc4 24.Bxc4 Qb6 25.Re3 Nxc4 26.bxc4 Nxe4 27.Nf5 Re5 28.g4 Rxf5 29.gxf5 Qc6
30.Qd4 Nc3 31.Rce1 Qxc4 32.Qxd6 Qxa2 33.Qd7 Rf8 34.Re8 Rxe8 35.Rxe8+ Kh7
36.Qc8 Qb1+ 37.Kh2 g6 38.f6 g5 39.Rg8 Qg6 40.Rh8+  1-0

[Event "Moscow ol (Men)"]
[Site "Moscow"]
[Date "1994.??.??"]
[Round "2"]
[White "Ulibin, Mikhail"]
[Black "Gostisa, Leon"]
[Result "1-0"]
[WhiteElo "2510"]
[BlackElo "2420"]

1.d4 Nf6 2.c4 e6 3.g3 Bb4+ 4.Bd2 c5 5.Bxb4 cxb4 6.Bg2 O-O 7.Nf3 d6 8.O-O Re8
9.a3 Nc6 10.d5 exd5 11.cxd5 Ne7 12.axb4 Qb6 13.Nc3 Qxb4 14.Qd4 Qxd4 15.Nxd4 Rd8
16.e4 Bd7 17.f4 Be8 18.Ra5 b6 19.Ra6 Bd7 20.Rfa1 Nc8 21.e5 Ng4 22.e6  1-0

[Event "Moscow ol (Women)"]
[Site "Moscow"]
[Date "1994.??.??"]
[Round "3"]
[White "Akhmilovskaya, Elena"]
[Black "Tsiganova, Monika"]
[Result "1-0"]
[WhiteElo "2430"]
[BlackElo "2260"]

1.d4 Nf6 2.c4 e6 3.g3 Bb4+ 4.Bd2 Be7 5.Bg2 d5 6.Nf3 O-O 7.O-O b6 8.Nc3 Bb7
9.Ne5 c5 10.dxc5 bxc5 11.Bf4 Nbd7 12.Rc1 Nb6 13.b3 Qc8 14.cxd5 exd5 15.Nb5 a6
16.Nd4 Re8 17.Nd3 c4 18.Bg5 Ne4 19.Bxe7 Rxe7 20.Nf4 g6 21.e3 a5 22.Qc2 a4
23.b4 Qd7 24.Nde2 Rae8 25.Rfd1 Qf5 26.h4 h6 27.Nc3 g5 28.Nxe4 Rxe4 29.hxg5 hxg5
30.Ne2 Qf6 31.Nc3 R4e5 32.Rd4 a3 33.Qd2 Kg7 34.Rd1 Rh8 35.e4 dxe4 36.Rd6 Re6
37.Rxe6 fxe6 38.Nxe4 Bxe4 39.Bxe4 Nd5 40.b5 Rd8 41.Qa5 Rf8 42.Qa7+ Rf7 43.Qc5 Nc3
44.Re1 Nxb5 45.Rf1 Nc3 46.Qxc4 Nxe4 47.Qxe4 Rd7 48.Qe3 Qe7 49.Rb1 Rd5 50.Qc3+ Kg6
51.Rb8 Rd8 52.Rxd8 Qxd8 53.Qxa3 Qd1+ 54.Kh2 Qd2 55.Qa7 e5 56.a4 Kf5 57.a5 g4
58.Qb6 Qc2 59.a6 Qe2 60.a7 Qf3 61.Qc5 Kg6 62.Qd6+ Kf7 63.Qd7+  1-0

[Event "Moscow ol (Women)"]
[Site "Moscow"]
[Date "1994.??.??"]
[Round "10"]
[White "Kachiani Gersinska, Ketino"]
[Black "Zayac, Elena"]
[Result "1/2-1/2"]
[WhiteElo "2410"]
[BlackElo "2325"]

1.d4 Nf6 2.c4 e6 3.g3 Bb4+ 4.Bd2 a5 5.Bg2 d5 6.Nf3 dxc4 7.Qc2 b5 8.a4 c6
9.O-O Bxd2 10.Qxd2 O-O 11.Ne5 Nd5 12.axb5 cxb5 13.Nc3 f6 14.Ng4 Nc6 15.Nxb5 Rb8
16.Na3 Rb4 17.Rfd1 Qb6 18.e4 Nde7 19.Ne3 Ba6 20.Qc3 Rd8 21.Nexc4 Nxd4 22.Bf1 Qc5
23.Nc2 Rb3 24.Qxa5 Qxa5 25.Nxa5 Nf3+ 26.Kh1 Rxd1 27.Rxd1 Rxb2 28.Bxa6 Rxc2
29.Kg2 Ne5 30.Nb3 Rc3 31.Rd8+ Kf7 32.Nd4 N7c6 33.Rc8 Ra3 34.Rc7+ Kg6 35.Nxc6 Rxa6
36.Nxe5+ fxe5  1/2-1/2

[Event "Moscow ol (Men)"]
[Site "Moscow"]
[Date "1994.??.??"]
[Round "12"]
[White "Moldobaev, Emil"]
[Black "Sarwat, Walaa"]
[Result "1-0"]
[WhiteElo "2385"]
[BlackElo "2305"]

1.d4 Nf6 2.c4 e6 3.g3 Bb4+ 4.Nd2 O-O 5.Bg2 d5 6.Qc2 c5 7.dxc5 Na6 8.Nf3 Bxc5
9.O-O b6 10.cxd5 exd5 11.Nb3 Nb4 12.Qd1 Ne4 13.Nfd4 Qf6 14.Nxc5 bxc5 15.Nb3 c4
16.Nd4 a5 17.Be3 Qg6 18.a3 Na6 19.Rc1 Nac5 20.Nb5 Qc6 21.Nc3 Nxc3 22.Rxc3 Ne4
23.Rc1 a4 24.Bd4 Be6 25.e3 Rab8 26.Qh5 f6 27.Rfd1 Rb3 28.Qe2 Re8 29.h4 Qc8
30.Bf3 Bf7 31.Kg2 Qe6 32.Bc3 Reb8 33.Bb4 Qe5 34.Rd4 f5 35.Rc2 Re8 36.Bc3 Qb8
37.Bxe4 fxe4 38.Qg4 Be6 39.Qd1 Qb7 40.Rcd2 Qf7 41.Kg1 h6 42.Rxd5 Bxd5 43.Rxd5 Rb6
44.Rd7 Re7 45.Rxe7 Qxe7 46.Qd5+ Qe6 47.Qd8+ Kh7 48.Qc7 Qg6 49.h5 Qg4 50.Qxb6 Qd1+
51.Kg2 Qf3+ 52.Kf1 Qh1+ 53.Ke2 Qxh5+ 54.Kd2 Qf3 55.Be5 Qxf2+ 56.Kc3 Qe2 57.Kb4 h5
58.Qc7 Qg4 59.Kxa4  1-0

[Event "Nagykanizsa op"]
[Site "Nagykanizsa"]
[Date "1994.??.??"]
[Round "?"]
[White "Vasilchenko, Oleg"]
[Black "Chernyshov, Konstantin"]
[Result "1/2-1/2"]
[WhiteElo "2415"]
[BlackElo "2480"]

1.d4 Nf6 2.c4 e6 3.g3 Bb4+ 4.Bd2 c5 5.Bxb4 cxb4 6.Bg2 O-O 7.Nf3 d6 8.O-O a5
9.a3 Na6 10.axb4 Nxb4 11.Nc3 b6 12.Ne1 Ra7 13.Nd3 Nxd3 14.Qxd3 Ba6 15.Nb5 Bxb5
16.cxb5 d5 17.Rfc1 Rc7 18.Rc6 Qb8 19.Rac1 Rfc8 20.e4 Rxc6 21.bxc6 dxe4 22.Bxe4 Nxe4
23.Qxe4 h6 24.d5 Qd6 25.dxe6 Qxe6 26.Qc2 Rc7 27.Qc3  1/2-1/2

[Event "SLO-ch"]
[Site "Nova Gorica"]
[Date "1994.??.??"]
[Round "?"]
[White "Tratar, Marko"]
[Black "Grosar, Aljosa"]
[Result "1/2-1/2"]
[WhiteElo "2365"]
[BlackElo "2430"]

1.d4 Nf6 2.c4 e6 3.g3 Bb4+ 4.Bd2 c5 5.Bg2 Bxd2+ 6.Qxd2 cxd4 7.Nf3 d5 8.cxd5 Qxd5
9.O-O O-O 10.Qxd4 Nc6 11.Qxd5 Nxd5 12.Rd1 Nde7 13.Nc3 e5 14.Nd2 Be6 15.Nf1 Rad8
16.Ne3 Nd4 17.Kf1 b6 18.Rac1 Rd7 19.Ke1 Rfd8 20.b3 Kf8 21.Nc2 Bg4 22.Nxd4 exd4
23.Na4 g5 24.Be4 Ng6 25.f3 Be6 26.Kf2 Ne5 27.Nb2 f5 28.Bb1 Ke7 29.Nd3 Kf6
30.Nxe5 Kxe5 31.Bd3 Rd5 32.Bc4 Rc5 33.Bxe6 Kxe6 34.Rxc5 bxc5 35.Rc1 Kd5 36.Rc4 Rd6
37.Ra4 a6 38.Ra5 Rh6 39.Kg2 Rb6 40.Kf2 Rh6 41.Kg2  1/2-1/2

[Event "Reno op"]
[Site "Reno"]
[Date "1994.??.??"]
[Round "?"]
[White "Kavalek, Lubomir"]
[Black "Browne, Walter S"]
[Result "1/2-1/2"]
[WhiteElo "2550"]
[BlackElo "2510"]

1.d4 Nf6 2.c4 e6 3.g3 Bb4+ 4.Bd2 Be7 5.Bg2 d5 6.Nf3 O-O 7.Qc2 c6 8.O-O b6
9.b3 Bb7 10.Bc3 Nbd7 11.Nbd2 c5 12.Rad1  1/2-1/2

[Event "ROM-chT"]
[Site "ROM"]
[Date "1994.??.??"]
[Round "?"]
[White "Olarasu, Gabriela"]
[Black "Mereacre, Natasa"]
[Result "1/2-1/2"]
[WhiteElo "2250"]
[BlackElo "2115"]

1.d4 Nf6 2.c4 e6 3.g3 Bb4+ 4.Bd2 Qe7 5.Bg2 Bxd2+ 6.Nxd2 O-O 7.Ngf3 d6 8.O-O Nbd7
9.Qc2 e5 10.e3 Re8 11.Rac1 exd4 12.exd4 Nb6 13.Rfe1 Qd8 14.Ne4 Bf5 15.Nxf6+ Qxf6
16.Qc3 Be4 17.Re3 Re7 18.Rce1 Rae8 19.Nh4 Bxg2 20.Nxg2 g6 21.Nf4 Rxe3 22.Rxe3 Rxe3
23.fxe3 Qf5 24.Qc1 Qe4 25.b3 Nd7 26.Ng2 Nf6 27.h3 Nh5 28.g4 Ng7 29.Qa3 a6
30.Qa5 Ne6 31.d5 Ng5 32.Qxc7 Nxh3+ 33.Kh2 Nf2 34.Kg3 Qc2 35.Qxb7 Ne4+ 36.Kh2 Qf2
37.Qe7 Qg3+ 38.Kg1 Nd2 39.c5 Nf3+ 40.Kf1 Nh2+ 41.Kg1 Nxg4 42.Qh4 Qxh4 43.Nxh4 Nxe3
44.cxd6 Kf8 45.Kf2 Nxd5 46.Ke2 Ke8 47.Nf3 f6 48.Nd2 Kd7 49.Nc4 Nc3+ 50.Kd3 Nb5
51.a4 Nxd6 52.Nd2 Kc6 53.b4 h5 54.Nf3 Nf5 55.Kc4 g5 56.b5+ axb5+ 57.axb5+ Kb6
58.Kd5 g4 59.Nh2 Nh4 60.Nf1 Kxb5 61.Ng3 Ng6 62.Nxh5 f5 63.Ng3 f4 64.Ne2 f3
65.Ng3 Nf4+ 66.Ke4 Ne2 67.Nh1 Kc4 68.Nf2 Ng1 69.Nxg4 Kc3 70.Ke3  1/2-1/2

[Event "Schwaebisch Gmuend op"]
[Site "Schwaebisch Gmuend"]
[Date "1994.??.??"]
[Round "2"]
[White "Ksieski, Zbigniew"]
[Black "Glaser, Andrea"]
[Result "1-0"]
[WhiteElo "2355"]
[BlackElo "2140"]

1.d4 e6 2.c4 Nf6 3.g3 Bb4+ 4.Nd2 c5 5.dxc5 Bxc5 6.Bg2 O-O 7.Ngf3 Nc6 8.O-O d5
9.a3 Ng4 10.cxd5 exd5 11.Nb3 Bxf2+ 12.Rxf2 Nxf2 13.Kxf2 Re8 14.Be3 Bf5 15.Bd4 Be4
16.Rc1 Rc8 17.Rc3 Nxd4 18.Qxd4 Rxc3 19.Qxc3 Re7 20.Qd4 b6 21.Ne5 Qc7 22.Bxe4 dxe4
23.Nc4 b5 24.Ne3 Re6 25.Nc5 Rd6 26.Qb4 Qc6 27.Nxe4 Rh6 28.Nf5 Qb6+ 29.Kg2 Re6
30.Ne7+ Kh8 31.Ng6+ hxg6 32.Qf8+ Kh7 33.Ng5+ Kh6 34.Qh8+  1-0

[Event "SCO-chT1"]
[Site "?"]
[Date "1994.??.??"]
[Round "?"]
[White "Gillam, Simon R"]
[Black "Farrell, Neil"]
[Result "0-1"]
[WhiteElo "2235"]
[BlackElo "2140"]

1.d4 Nf6 2.c4 e6 3.g3 Bb4+ 4.Bd2 Qe7 5.Bg2 Nc6 6.Nf3 Bxd2+ 7.Nbxd2 d6 8.O-O O-O
9.Qc2 a5 10.Qc3 e5 11.d5 Nb8 12.b3 Bg4 13.h3 Bh5 14.e4 Bxf3 15.Bxf3 Nbd7
16.a3 b6 17.b4 g6 18.Nb3 a4 19.Nd2 Ne8 20.Bd1 f5 21.Bc2 f4 22.g4 g5 23.f3 h5
24.Kf2 Rf6 25.Rg1 Rh6 26.Rg2 hxg4 27.hxg4 Qh7 28.Rag1 Nef6 29.Qd3 Kf7 30.Nf1 Rh3
31.Qd1 Nf8 32.Nd2 Ng6 33.Ke2 Rg3 34.Nf1 Rxg2+ 35.Rxg2 Qh1 36.Rf2 Rh8 37.Nd2 Qh4
38.Qg1 Qh3 39.Nf1 Nh4 40.Nd2 Qg3 41.Qf1 Nxg4 42.fxg4 Qxg4+ 43.Ke1 Qg3 44.Qd3 Ng2+
45.Ke2 Ne3 46.Nf3 g4 47.Ng5+ Kf6 48.Ne6 Rh2 49.Rxh2 Qxh2+ 50.Ke1 Nxc2+ 51.Kd1 Ne3+
52.Kc1 Qg1+ 53.Kb2 Qf2+ 54.Kc3 Qc2+ 55.Qxc2 Nxc2 56.c5 bxc5 57.bxc5 g3 58.Nxc7 g2
59.c6 g1=Q 60.Kxc2 Qf2+ 61.Kc3 Qd4+ 62.Kc2 Qxe4+  0-1

[Event "Sitges op"]
[Site "Sitges"]
[Date "1994.??.??"]
[Round "3"]
[White "Marin, Mihail"]
[Black "Padreny Gutierrez, Josep"]
[Result "1-0"]
[WhiteElo "2520"]
[BlackElo "2270"]

1.d4 Nf6 2.c4 e6 3.g3 Bb4+ 4.Bd2 Be7 5.Bg2 c5 6.d5 e5 7.Nc3 d6 8.Nf3 Na6
9.e4 Nc7 10.O-O Bd7 11.Qe2 Rb8 12.a4 b6 13.Nh4 O-O 14.Rab1 Nfe8 15.Nf5 Bf6
16.Ne3 g6 17.Qd3 Bg7 18.f4 exf4 19.gxf4 a6 20.b3 Qe7 21.Ne2 Nf6 22.Ng3 h5
23.e5 Ng4 24.Nxg4 Bxg4 25.Rbe1 Qh4 26.Bc3 b5 27.axb5 axb5 28.f5 bxc4 29.bxc4 dxe5
30.d6 Ne6 31.fxe6 Bxe6 32.Re4 Qg5 33.h4 Qd8 34.Bxe5 Rb6 35.Bxg7 Kxg7 36.Rxe6 fxe6
37.Nxh5+ Kh6 38.Nf4 Rf5 39.Qe3 Rxd6 40.Nxe6+  1-0

[Event "St Petersburg op2"]
[Site "St Petersburg"]
[Date "1994.??.??"]
[Round "7"]
[White "Dyachkov, Sergej"]
[Black "Orlov, Vassily"]
[Result "1/2-1/2"]
[WhiteElo "2510"]
[BlackElo "2350"]

1.d4 Nf6 2.c4 e6 3.g3 Bb4+ 4.Bd2 Qe7 5.Bg2 O-O 6.Nc3 d5 7.cxd5 exd5 8.a3 Bxc3
9.Bxc3 Re8 10.e3 Bf5 11.Ne2 Nbd7 12.O-O Ne4 13.Rc1 Nb6 14.Nf4 c6 15.Re1 h6
16.Bb4 Qd7 17.f3 Nf6 18.b3 Nc8 19.g4 Bh7 20.a4 Qd8 21.Re2 Nd7 22.a5 a6 23.Qe1 Nf8
24.Qg3 Ne6 25.Rce1 Na7 26.Rd2 Nb5 27.Nd3  1/2-1/2

[Event "Rilton Cup9495"]
[Site "Stockholm"]
[Date "1994.??.??"]
[Round "3"]
[White "Gleizerov, Evgeny"]
[Black "Sandstrom, Ludvig"]
[Result "1-0"]
[WhiteElo "2545"]
[BlackElo "2320"]

1.d4 Nf6 2.c4 e6 3.g3 Bb4+ 4.Bd2 Qe7 5.Bg2 Nc6 6.Nf3 Bxd2+ 7.Nbxd2 d6 8.Nf1 e5
9.Ne3 O-O 10.O-O Rd8 11.Re1 a5 12.Nd5 Nxd5 13.cxd5 Nb4 14.Nd2 exd4 15.a3 Na6
16.Nb3 a4 17.Nxd4 Nc5 18.e4 Re8 19.f4 Qf6 20.Rc1 Bd7 21.e5 dxe5 22.fxe5 Rxe5
23.Rxe5 Qxe5 24.Rxc5 Qe3+ 25.Kh1 Bg4 26.Qg1  1-0

[Event "Rilton Cup9495"]
[Site "Stockholm"]
[Date "1994.??.??"]
[Round "9"]
[White "Gleizerov, Evgeny"]
[Black "Ornstein, Axel"]
[Result "1/2-1/2"]
[WhiteElo "2545"]
[BlackElo "2440"]

1.d4 Nf6 2.c4 e6 3.g3 Bb4+ 4.Bd2 Bxd2+ 5.Qxd2 c5 6.Nf3 Ne4 7.Qc2 Qa5+ 8.Nbd2 Nxd2
9.Qxd2 Qxd2+ 10.Kxd2 b6 11.dxc5  1/2-1/2

[Event "Tel Aviv ASA"]
[Site "Tel Aviv"]
[Date "1994.??.??"]
[Round "3"]
[White "Davies, Nigel R"]
[Black "Bezold, Michael"]
[Result "1/2-1/2"]
[WhiteElo "2525"]
[BlackElo "2515"]

1.d4 Nf6 2.c4 e6 3.g3 Bb4+ 4.Bd2 Qe7 5.Nf3 Nc6 6.Nc3 O-O 7.Bg2 d6 8.Rc1 Bxc3
9.Bxc3 Ne4 10.d5 Nxc3 11.Rxc3 Nb8 12.dxe6 fxe6 13.Nd4 e5 14.Nc2 c6 15.O-O Na6
16.Qd2 Bf5  1/2-1/2

[Event "USA-ch (Women)"]
[Site "?"]
[Date "1994.??.??"]
[Round "3"]
[White "Burtman, Sharon"]
[Black "Belakovskaia, Anjelina"]
[Result "1/2-1/2"]
[WhiteElo "2035"]
[BlackElo "2315"]

1.d4 Nf6 2.c4 e6 3.g3 Bb4+ 4.Bd2 Qe7 5.Bg2 Nc6 6.Nf3 Bxd2+ 7.Nbxd2 d6 8.O-O O-O
9.e4 e5 10.d5 Nb8 11.b4 a5 12.a3 Bg4 13.Qc2 Bxf3 14.Bxf3 b6 15.c5 bxc5 16.bxc5 Nbd7
17.c6 Nc5 18.Nb3 Nxb3 19.Qxb3 Rfb8 20.Qa4 Qd8 21.Rab1 Qc8 22.Rb5 Rxb5 23.Qxb5 Ra6
24.Rc1 Rb6 25.Qxa5 Ra6 26.Qb4 Rb6 27.Qc4 g6 28.a4 Qa8 29.Ra1 Qa5 30.Kg2 Kg7
31.Ra3 Rb2 32.Qc3 Qb6 33.Qe3 Qa5 34.Qc3 Qb6 35.Qe3 Qa5 36.Qc3  1/2-1/2